000 00611nam a2200205 4500
003 OSt
005 20240725051755.0
006 a
008 240725b |||||||| |||| 00| 0 eng d
020 _a9710412020
040 _aDWCL-Main lib.
_cOC
082 _aFil. 370.21 L698 2010
100 _aLydia L. Hilbero
245 _aLET reviewer hyperlinks /
260 _aMandaluyong City :
_bBooks Atbp. Pub., Corp.,
_cc2010.
300 _av,
_b552 p. : ill. ;
_c26 cm.
504 _aIncludes bibliographical references.
650 _a1. Education-Examinations, questions, etc.
942 _2ddc
_n0
_cBK - FIL
_kFil.
999 _c2725
_d2725